[Event "Limon op"]
[Site "Limon"]
[Date "2014.11.28"]
[Round "4"]
[White "Pena Samaniego, Marcelo"]
[Black "Lucero, Alex"]
[Result "1-0"]
[WhiteElo "1409"]
[BlackElo "1512"]
[PlyCount "126"]
[EventDate "2014.11.27"]
[EventType "swiss"]
[EventRounds "7"]
[EventCountry "ECU"]
[SourceTitle "CBM 163 Extra"]
[Source "ChessBase"]
[SourceDate "2014.12.23"]
[SourceVersion "1"]
[SourceVersionDate "2014.12.23"]
[SourceQuality "1"]

1. d4 g6 2. c4 Bg7 3. Nc3 d6 4. e4 Nf6 5. f4 0-0 6. Nf3 Bg4 7. Bd3 c5 8. d5 Nbd7 9. 0-0 e5 10. dxe6 fxe6 11. Be3 Qe7 12. Qd2 Nh5 13. h3 Bxf3 14. Rxf3 Bd4 15. Bxd4 cxd4 16. Ne2 e5 17. f5 gxf5 18. Rxf5 Rxf5 19. exf5 e4 20. Bb1 d3 21. Nc3 Re8 22. Nd5 Qg7 23. a3 Nc5 24. Ba2 Ng3 25. f6 Ne2+ 26. Qxe2 Qg5 27. Qe3 Qxe3+ 28. Nxe3 Na4 29. c5+ Kf8 30. cxd6 Rd8 31. Rc1 Nb6 32. Nc4 Nd5 33. Nd2 Nxf6 34. Re1 Rxd6 35. b4 Rc6 36. Bc4 a6 37. a4 Kg7 38. Kf2 Kg6 39. Re3 Kf5 40. Bb3 b5 41. axb5 axb5 42. Bd1 Rc1 43. Re1 Ke5 44. Nf3+ Kd6 45. Nd2 Ke5 46. Nb3 Rb1 47. Nc5 Rb2+ 48. Kf1 Kf4 49. Rxe4+ Nxe4 50. Nxd3+ Ke3 51. Nxb2 Kd2 52. Bf3 Ng5 53. Bc6 Kc3 54. Bxb5 Kxb4 55. Be2 Kc3 56. Nd3 Kd4 57. Kf2 Ke4 58. Ne1 Kf4 59. Bd3 h6 60. g3+ Ke5 61. Nf3+ Kf6 62. Nxg5 Kxg5 63. Kf3 h5 1-0